On the track of unknown animals
Bewaard in:
| Hoofdauteur: | |
|---|---|
| Formaat: | Boek |
| Taal: | Engels |
| Gepubliceerd in: |
Nueva York
Hill and Wang
1959
|
| Onderwerpen: | |
| Tags: |
Voeg label toe
Geen labels, Wees de eerste die dit record labelt!
|
MARC
| LEADER | 00000nam a2200000 a 4500 | ||
|---|---|---|---|
| 001 | UCT1524 | ||
| 003 | CL-VaPUC | ||
| 008 | 960927e19590000US |||||||||||||||||eng|d | ||
| 082 | 0 | 4 | |a 591.529 |b HEU |2 21 |
| 100 | 0 | |a Heuvelmans, Bernard |e author |9 370431 | |
| 245 | 1 | 0 | |a On the track of unknown animals |
| 300 | |a 558 p | ||
| 942 | |c BK | ||
| 945 | |d 19960927 00:00:00 |a paguirre | ||
| 260 | |a Nueva York |b Hill and Wang |c 1959 | ||
| 650 | 0 | |a Animales |9 269820 | |
| 650 | 0 | |a Zoología |9 261613 | |
| 650 | 0 | |a Animales salvajes |9 370432 | |
| 650 | 0 | |a Medio ambiente natural |9 338575 | |
| 651 | 0 | |a Asia |9 268338 | |
| 651 | 7 | |a OCEANIA |2 CL-VaPUC |9 317234 | |
| 651 | 0 | |a África |9 256790 | |
| 583 | |a last modification |c 19960927 00:00:00 |k Rodrigo Vera | ||
| 999 | |c 252016 |d 252014 | ||
| 952 | |0 0 |1 0 |4 0 |6 591_529000000000000_HEU_1959 |7 0 |8 A |9 271599 |a BIBCUR |b BIBCUR |d 2019-11-19 |i 1750836 |l 1 |o 591.529 HEU 1959 |p 1750836 |r 2025-04-22 |s 2023-03-09 |w 2019-11-19 |y BK |k BCB | ||